Biznis patterns in e-commerce

Rastúce trendy elektronického podnikania v globálnej ekonomike. Nepretržitý potenciál pre pokračovanie expanzie v sektore internetového nakupovania. Mohutná sila rozpätia elektronického obchodu.

Saved in:
Bibliographic Details
Main Author: Hasan, Jamal
Format: Book Chapter
Language:English
Subjects:
Tags: Add Tag
No Tags, Be the first to tag this record!

MARC

LEADER 00000nla$a2200000$$$4500
001 0099652
005 20240502072109.5
041 0 |a eng 
044 |a SK 
245 1 0 |a Biznis patterns in e-commerce  |c Jamal Hasan 
520 |a Rastúce trendy elektronického podnikania v globálnej ekonomike. Nepretržitý potenciál pre pokračovanie expanzie v sektore internetového nakupovania. Mohutná sila rozpätia elektronického obchodu. 
610 2 0 |a obchod elektronický 
610 2 0 |a domy obchodné virtuálne 
610 2 0 |a globalizácia 
610 2 0 |a zisk 
610 2 0 |a zákazníci 
610 2 0 |a nákup 
610 2 0 |a internet 
100 1 |a Hasan, Jamal